One Piece Last Names - Statistics

General Stats
  • This quiz has been taken 91 times
    20 since last reset
  • The average score is 42 of 55
Answer Stats
Answer First Name % Correct
Boa Hancock
100%
Charlotte Linlin
100%
Donquixote Doflamingo
100%
Edward Newgate
100%
Gol D. Roger
100%
Marshall D. Teach
100%
Monkey D. Luffy
100%
Portgas D. Ace
100%
Roronoa Zoro
100%
Vinsmoke Sanji
100%
Cutty Flam (Franky)
91%
Dracule Mihawk
91%
Gecko Moria
91%
Nico Robin
91%
Tony Tony Chopper
91%
Trafalgar D. Water Law
91%
Bartholomew Kuma
82%
Benn Beckman
82%
Clown Caesar
82%
Eustass Kid
82%
Jesus Burgess
82%
Jones Hody
82%
Lucky Roux
82%
Nefertari Vivi
82%
Rocks D. Xebec
82%
Van Augur
82%
Basil Hawkins
73%
Belo Betty
73%
Capone Bege
73%
Catarina Devon
73%
Doji Ashura
73%
Emporio Ivankov
73%
Figarland Garling
73%
Fisher Tiger
73%
Jaguar D. Saul
73%
Kozuki Oden
73%
Rob Lucci
73%
Sanjuan Wolf
73%
Scratchmen Apoo
73%
Silvers Rayleigh
73%
Vander Decken IX
73%
Avalo Pizarro
64%
Gan Fall
64%
Jaygarcia Saturn
64%
Jewelry Bonney
64%
Kurozumi Orochi
64%
Mont Blanc Noland
64%
Vasco Shot
64%
Clou D. Clover
45%
Ethanbaron V. Nusjuro
45%
Riku Doldo
45%
Shepherd Ju Peter
45%
Topman Warcury
45%
Marcus Mars
36%
Shimotsuki Yasuie
36%
No matching quizzes found
Score Distribution
Percent of People with Each Score
Percentile by Number Answered
Your Score History
You have not taken this quiz since the last reset